|
|
|
|
| LEADER |
01367cam a2200301 7i4500 |
| 001 |
0000026142 |
| 005 |
20110707090000.0 |
| 090 |
0 |
0 |
|a M 381.1
|b RET
|
| 245 |
0 |
0 |
|a Retailing - Malaysia :
|b January 2011.
|
| 260 |
0 |
0 |
|a London:
|b Euromonitor International,
|c 2011.
|
| 300 |
# |
# |
|a [v.p].
|
| 440 |
0 |
0 |
|a Country market insight : January 2011
|
| 650 |
0 |
0 |
|a DIY, homes improvement and garden centres --
|x Markets --
|z Malaysia
|
| 650 |
0 |
0 |
|a Mixed --
|x Markets --
|z Malaysia
|
| 650 |
0 |
0 |
|a Furniture and furnishings storesGrocery retailers --
|x Markets --
|z Malaysia
|
| 650 |
0 |
0 |
|a Electronics and appliance retailers --
|x Markets --
|z Malaysia
|
| 650 |
0 |
0 |
|a Leisure and personal goods specialist retailers --
|x Markets --
|z Malaysia
|
| 650 |
0 |
0 |
|a Health and beauty retailers --
|x Markets --
|z Malaysia
|
| 650 |
0 |
0 |
|a Direct selling --
|x Markets --
|z Malaysia
|
| 650 |
0 |
0 |
|a Internet retailing --
|x Markets --
|z Malaysia
|
| 650 |
0 |
0 |
|a Homeshopping --
|x Markets --
|z Malaysia
|
| 650 |
0 |
0 |
|a Vending --
|x Markets --
|z Malaysia
|
| 650 |
0 |
0 |
|a Clothing and footwear retailers --
|x Markets --
|z Malaysia
|
| 650 |
0 |
0 |
|a Supermarkets --
|x Markets --
|z Malaysia
|
| 650 |
0 |
0 |
|a Hypermarkets --
|x Markets --
|z Malaysia
|
| 651 |
0 |
0 |
|a Malaysia
|
| 999 |
|
|
|a B000028590
|b Book
|c Services
|e Business Information Centre
|
| 999 |
|
|
|a B000028589
|b Book
|c Countries
|e Business Information Centre
|